书目信息 |
| 题名: |
精神与自我现代观
|
|
| 作者: | 维之 著 | |
| 分册: | ||
| 出版信息: | 北京 社会科学文献出版社 2004 |
|
| 页数: | 514页 | |
| 开本: | 21cm | |
| 丛书名: | ||
| 单 册: | ||
| 中图分类: | B0 | |
| 科图分类: | ||
| 主题词: | 精神(哲学)--研究 , 精神(哲学) , 哲学理论 | |
| 电子资源: | ||
| ISBN: | 7-80190-254-8 | |
| 000 | 00868nam0 2200265 450 | |
| 001 | 1239015671 | |
| 005 | 20121003105216.46 | |
| 010 | @a7-80190-254-8@dCNY36.00 | |
| 100 | @a20040920d2004 em y0chiy50 ea | |
| 101 | 0 | @achi |
| 102 | @aCN@b110000 | |
| 105 | @ay z 000yy | |
| 106 | @ar | |
| 200 | 1 | @a精神与自我现代观@e精神哲学新体系@f维之著@Ajing shen yu zi wo xian dai guan |
| 210 | @a北京@c社会科学文献出版社@d2004 | |
| 215 | @a514页@d21cm | |
| 330 | @a本书论述了一个精神哲学新体系,揭示了精神的本质,阐述精神心理现象的由来与发展过程、机制和因果根据等。 | |
| 517 | 1 | @a精神哲学新体系@Ajing shen zhe xue xin ti xi |
| 606 | 0 | @a精神(哲学)@x研究 |
| 606 | 0 | @a精神(哲学) |
| 606 | 0 | @a哲学理论 |
| 690 | @aB0@v4 | |
| 701 | 0 | @a维之@f(1949~)@4著@Awei zhi |
| 801 | 0 | @aCN@b大连网信软件有限公司图书馆·11@c20121003 |
| 905 | @a10447@dB0@eJY121 | |
| 精神与自我现代观:精神哲学新体系/维之著.-北京:社会科学文献出版社,2004 |
| 514页;21cm |
| ISBN 7-80190-254-8:CNY36.00 |
| 本书论述了一个精神哲学新体系,揭示了精神的本质,阐述精神心理现象的由来与发展过程、机制和因果根据等。 |
| ● |
| 相关链接 |
|
|
|
|
正题名:精神与自我现代观
索取号:B0/JY121
 
预约/预借
| 序号 | 登录号 | 条形码 | 馆藏地/架位号 | 状态 | 备注 |
| 1 | 7809724 | 278097248 | 学院路分馆/ [索取号:B0/JY121] | 在馆 | |
| 2 | 7809725 | 278097257 | 学院路分馆/ [索取号:B0/JY121] | 在馆 |